| 000 | 01500cam a2200313 4500 | ||
|---|---|---|---|
| 001 | ## | ||
| 008 | 090401t1960 xxu||||| |||| 00| 0 eng d | ||
| 020 | _a0421007508 | ||
| 035 | _a(Sirsi) u73379 | ||
| 041 | 0 | _aeng | |
| 050 | 0 | 4 | _a711.14 $2 18 |
| 245 | 0 | 0 | _aEncyclopedia of compulsory purchase and compensation |
| 260 |
_aLondon _bSweet and Maxwell _c1960- |
||
| 300 |
_a3 _fv. _a(loose-leaf) _c25cm |
||
| 490 | 0 | _aSweet and Maxwell Local Government Library | |
| 505 | 2 | _aStatutes pre 1992 -- Statutes post 1991 -- Rules and orders -- Rate of interest after entry regulations -- Circulars -- Cases | |
| 520 | _aThis two volume work considers all aspects of the law relating to compulsory purchase and compensation. Includes the full text of the appropriate legislation and case summaries. | ||
| 520 | _aThis looseleaf is up-to-date as at August 2009. We have cancelled our subscription and will remove this title from our collection when it becomes out-of-date. Please ask a member of staff for more details. | ||
| 650 | 2 | 4 | _aLAND COMPENSATION ACT 1961 |
| 650 | 2 | 4 | _aCOMPULSORY PURCHASE ACT 1965 |
| 650 | 2 | 4 | _aLAND COMPENSATION ACT 1973 |
| 650 | 2 | 4 | _aACQUISITION OF LAND ACT 1981 |
| 650 | 2 | 4 | _aACQUISITION OF LAND (RATE OF INTEREST AFTER ENTRY) REGULATIONS 1995 |
| 651 | 4 |
_aEngland and Wales _y1543- |
|
| 690 | _aENVIRONMENTAL AND LAND CONSULTANCY-PLANNING AND DEVELOPMENT-COMPULSORY PURCHASE AND COMPENSATION | ||
| 700 | 1 |
_aBrand, C. _eEditor |
|
| 942 | _n0 | ||
| 948 | _c04/03/1997 | ||
| 999 |
_c95584 _d95584 |
||